banner koha

Distribuicao do sistema radicular do guaranazeiro em um oxissolo na Bahia (Registro n. 336363)

MARC details
000 -LÍDER
campo de controle de tamanho fixo 01088naa a22003017a 4500
001 - NÚMERO DE CONTROLE
campo de controle BR9210854
003 - IDENTIFICADOR DO NÚMERO DE CONTROLE
campo de controle BR-BrBNA
005 - DATA E HORÁRIO DA ÚLTIMA TRANSAÇÃO
campo de controle 20250721155419.0
007 - CAMPO FIXO DE DESCRIÇÃO FÍSICA--INFORMAÇÃO GERAL
campo de controle de tamanho fixo ta
008 - CAMPO DE DADOS FIXOS--INFORMAÇÃO GERAL
campo de controle de tamanho fixo 250630b bl.|||m| |||| 00| 0 por d
040 ## - FONTE DA CATALOGAÇÃO
Instituição da catalogação original BR-BrBNA
Idioma da catalogação por
Instituição que transcreveu o registro Biblioteca Nacional de Agricultura
041 ## - CÓDIGO DE IDIOMA
Código do idioma do texto/trilha sonora ou título diferente (Pt)
072 ## - CÓDIGO DE CATEGORIA DE ASSUNTO
Código de Categoria de Assunto F50
Código do objeto 2121
-- G514
090 ## - NÚMERO DE CHAMADA LOCAL
Número de chamada F50 BR9210854
100 1# - ENTRADA PRINCIPAL--NOME PESSOAL
Nome pessoal Ramos, J.V.
100 1# - ENTRADA PRINCIPAL--NOME PESSOAL
Nome pessoal Sacramento, C.K. do
111 1# - ENTRADA PRINCIPAL--NOME DO EVENTO
Nome do evento ou lugar 1. Simposio do Tropico Umido
Local do evento Belem, PA (Brazil)
Data do evento ou assinatura do tratado 12-17 Nov 1984
245 1# - TÍTULO
Título Distribuicao do sistema radicular do guaranazeiro em um oxissolo na Bahia
490 ## - TÍTULO DA SÉRIE
Título da série Documentos - Centro de Pesquisa Agropecuaria do Tropico Umido (Brazil)
Número do volume ou designação sequencial da série no. 36
500 ## - NOTA GERAL
Nota geral Anais do 1. Simposio do Tropico Umido<br/>Brasilia, DF (Brasil): 1986. p. 329-332 [7 ref.; Summaries (En, Pt)]<br/>(BR9210854-AMS)<br/>
650 ## - ASSUNTO--TERMO TÓPICO
Cabeçalho tópico ou nome geográfico GUARANA
650 ## - ASSUNTO--TERMO TÓPICO
Cabeçalho tópico ou nome geográfico RAIZ
650 ## - ASSUNTO--TERMO TÓPICO
Cabeçalho tópico ou nome geográfico OXISOL
650 ## - ASSUNTO--TERMO TÓPICO
Cabeçalho tópico ou nome geográfico BAHIA
773 0# - ENTRADA ANALÍTICA
Título Anais do 1. Simposio do Tropico Umido
Edição
Número de controle do registro F50 BR9210854
Partes relacionadas Brasilia, DF (Brasil), 1986. p. 329-332
942 ## - ELEMENTOS DE ENTRADA ADICIONADOS (KOHA)
Tipo de material Koha Analítica de Monografia Seriada
Fonte da classificação ou esquema de arquivamento na estante Classificação AGRIS
909 ## -
-- 202506
-- Lúcia
-- 55
-- Lúcia Elande
Exemplares
Situação do descarte Fonte da classificação ou esquema de arquivamento na estante Situação física Não pode ser emprestado Coleção Biblioteca de origem Biblioteca atual Total de empréstimos Data de último acesso Número do exemplar Tipo de material Koha Situação das perdas Data de aquisição Fonte de aquisição
  Classificação AGRIS       Biblioteca Nacional de Agricultura - Binagri Biblioteca Nacional de Agricultura - Binagri   30/06/2025 01 Analítica de Monografia Seriada   2025-06-30 Portaria Interministerial nº 164/94

BINAGRI

Telefone: (61)3218-2567/2388/3357/2097 - binagri@agro.gov.br

Ministério da Agricultura e Pecuária , Esplanada dos Ministérios, Bloco D, Anexo B, Brasília/DF, CEP: 70.043-900